[Event "Russian Championship B17 1st league 2016"]
[Site "Loo"]
[Date "2016.04.27"]
[Round "8.19"]
[White "Sokolov, Ilia"]
[Black "Karelov, Pavel"]
[Result "1-0"]
[WhiteElo "1764"]
[BlackElo "1961"]
[PlyCount "79"]
[EventDate "2016.04.20"]

1. Nf3 c5 2. g3 Nc6 3. Bg2 g6 4. c4 Bg7 5. O-O e6 6. d3 Nge7 7. Qc2 O-O 8. Bd2
d5 9. Na3 b6 10. Qc1 Bb7 11. Bh6 Bxh6 12. Qxh6 Nf5 13. Qg5 f6 14. Qd2 d4 15.
Nc2 a5 16. a3 a4 17. Rfb1 Na5 18. Ra2 Nb3 19. Qd1 Nd6 20. Na1 Nxa1 21. Raxa1
Ra6 22. b4 axb3 23. Rxb3 Qa8 24. Rab1 Qa7 25. Qc1 e5 26. Qb2 Nc8 27. Bh3 e4 28.
Be6+ Kh8 29. Ne1 exd3 30. Nxd3 Be4 31. f3 Re8 32. Bxc8 Bxd3 33. Bxa6 Rxe2 34.
Rxb6 Bxb1 35. Rb8+ Kg7 36. Rb7+ Kh6 37. Qc1+ g5 38. Rxa7 d3 39. Qxb1 d2 40.
Qxh7# 1-0

[Event "Russian Championship B17 1st league 2016"]
[Site "Loo"]
[Date "2016.04.27"]
[Round "8.20"]
[White "Prorochenko, Nikita"]
[Black "Privorotsky, Oleg"]
[Result "1/2-1/2"]
[WhiteElo "1682"]
[BlackElo "1954"]
[PlyCount "98"]
[EventDate "2016.04.20"]

1. c4 e5 2. Nc3 Nf6 3. Nf3 Nc6 4. g3 d5 5. cxd5 Nxd5 6. Bg2 Nb6 7. O-O Be7 8.
a3 Be6 9. d3 O-O 10. b4 a5 11. b5 Nd4 12. Nd2 Ra7 13. e3 Nf5 14. Qc2 a4 15. Rd1
Qd7 16. Nc4 f6 17. Rb1 Nd6 18. Nxb6 cxb6 19. Bd5 Rc8 20. Qa2 Bf7 21. d4 Rxc3
22. dxe5 fxe5 23. Bxf7+ Kh8 24. Bd2 Rd3 25. Bb4 Nxf7 26. Rxd3 Qxd3 27. Bxe7 Kg8
28. Rc1 Qd7 29. Bb4 Ra8 30. Qc4 h6 31. Rc2 Qf5 32. e4 Qg4 33. Kg2 Rd8 34. Rd2
Rxd2 35. Bxd2 Qd7 36. Qd5 Qxd5 37. exd5 Nd6 38. Bb4 Ne4 39. Kf3 Nf6 40. Bd6 e4+
41. Ke3 Nxd5+ 42. Kd4 Nf6 43. Be5 Ng4 44. Kxe4 Nxf2+ 45. Kd5 Kf7 46. Kd6 Ne4+
47. Kc7 Nc5 48. Bd6 Ke6 49. Bf8 Kf7 1/2-1/2

[Event "Russian Championship B17 1st league 2016"]
[Site "Loo"]
[Date "2016.04.27"]
[Round "8.21"]
[White "Tchebalkin, Evgeny"]
[Black "Getman, Dmitriy"]
[Result "0-1"]
[WhiteElo "1945"]
[BlackElo "1716"]
[PlyCount "120"]
[EventDate "2016.04.20"]

1. c4 c5 2. g3 g6 3. Bg2 Bg7 4. Nc3 Nc6 5. d3 Nf6 6. Bg5 h6 7. Bxf6 Bxf6 8. Qd2
Bg7 9. e3 O-O 10. Nge2 d6 11. O-O Bg4 12. h3 Bxe2 13. Nxe2 Qb6 14. Nc3 a6 15.
Rab1 e6 16. f4 Rab8 17. g4 f5 18. Bf3 Kh7 19. Kh1 Qc7 20. Qg2 Rg8 21. a3 Ne7
22. Rfc1 b5 23. cxb5 axb5 24. Ne2 d5 25. Rc2 Qd6 26. Rbc1 c4 27. dxc4 bxc4 28.
Nc3 Rb3 29. Bd1 Bxc3 30. Rxc3 Rxc3 31. Rxc3 Rb8 32. Qd2 Qb6 33. b3 cxb3 34.
Rxb3 Qd6 35. Rxb8 Qxb8 36. a4 Qa7 37. Kg2 Nc6 38. Qc3 Qa5 39. Qxa5 Nxa5 40. Be2
Kg7 41. h4 fxg4 42. Bxg4 Kf6 43. Bf3 Ke7 44. Kf2 Kd6 45. Bd1 e5 46. Bc2 e4 47.
Bd1 h5 48. Be2 Nc4 49. Bd1 Kc5 50. f5 gxf5 51. Bxh5 d4 52. exd4+ Kxd4 53. Bf7
Ne5 54. Be6 f4 55. a5 e3+ 56. Ke1 f3 57. Kd1 Nd3 58. Bf5 e2+ 59. Kc2 e1=Q 60.
Bxd3 Qc3+ 0-1

[Event "Russian Championship B17 1st league 2016"]
[Site "Loo"]
[Date "2016.04.27"]
[Round "8.22"]
[White "Chudinov, Igor"]
[Black "Shastitko, Danil"]
[Result "0-1"]
[WhiteElo "1936"]
[BlackElo "1809"]
[PlyCount "96"]
[EventDate "2016.04.20"]

1. d4 Nf6 2. Nf3 d5 3. g3 c6 4. Bg2 Bf5 5. O-O e6 6. Nh4 Bg6 7. Nxg6 hxg6 8. b3
Bd6 9. Bb2 Ng4 10. h3 Nf6 11. Nd2 Nbd7 12. c4 Ne4 13. Nxe4 dxe4 14. d5 exd5 15.
cxd5 c5 16. Bxe4 Rxh3 17. Kg2 Rh4 18. f4 Qe7 19. Bf3 Bxf4 20. gxf4 O-O-O 21. d6
Qe6 22. Qd5 Rg4+ 23. Bxg4 Qxd5+ 24. Bf3 Qxd6 25. Rad1 Qe6 26. e4 Nf6 27. f5
gxf5 28. exf5 Qa6 29. a4 Qb6 30. Rxd8+ Qxd8 31. Rd1 Qb6 32. Rd3 Qb4 33. Be5 Qe1
34. Bg3 Qb1 35. Re3 Qxf5 36. Re7 Nd5 37. Re4 Kd8 38. Re2 Qd3 39. Re5 Ne3+ 40.
Kh2 Qc2+ 41. Kh3 Qxb3 42. Rxc5 Qe6+ 43. Kh2 Nf1+ 44. Kg2 Nxg3 45. Rd5+ Ke7 46.
Kxg3 f5 47. Rb5 b6 48. a5 g5 0-1

[Event "Russian Championship B17 1st league 2016"]
[Site "Loo"]
[Date "2016.04.27"]
[Round "8.23"]
[White "Murtazin, Rifat"]
[Black "Veklich, Igor"]
[Result "1/2-1/2"]
[WhiteElo "1555"]
[BlackElo "1914"]
[PlyCount "85"]
[EventDate "2016.04.20"]

1. e4 c5 2. Nf3 Nc6 3. Bb5 g6 4. O-O Bg7 5. c3 e5 6. Bxc6 dxc6 7. d3 Bg4 8. h3
Be6 9. Be3 Qd6 10. Qc2 f5 11. Ng5 b6 12. Nxe6 Qxe6 13. exf5 gxf5 14. Re1 Ne7
15. Nd2 O-O 16. f4 Ng6 17. Nf3 Qd6 18. Nxe5 Nxe5 19. fxe5 Bxe5 20. Rad1 Bh2+
21. Kh1 Bg3 22. Rf1 Rae8 23. Bf2 Bxf2 24. Qxf2 Re6 25. d4 c4 26. Rde1 Rg6 27.
Qf4 Qxf4 28. Rxf4 Rf7 29. Re3 Rd6 30. Re5 Rdf6 31. Kg1 Kg7 32. Kf2 Kg6 33. Kf3
Rd7 34. Ke2 h5 35. Rf1 Kg5 36. Kf3 h4 37. Rfe1 Rff7 38. R1e4 a6 39. Re2 Rd6 40.
Re6 Rf6 41. Rxf6 Rxf6 42. Re7 Rd6 43. Re5 1/2-1/2

[Event "Russian Championship B17 1st league 2016"]
[Site "Loo"]
[Date "2016.04.27"]
[Round "8.24"]
[White "Kuzmichev, Artem"]
[Black "Tyatyushkin, Danil"]
[Result "1-0"]
[WhiteElo "1792"]
[BlackElo "2028"]
[PlyCount "57"]
[EventDate "2016.04.20"]

1. e4 e5 2. Nf3 Nc6 3. Bb5 a6 4. Ba4 Nf6 5. d3 d6 6. c3 Be7 7. Nbd2 b5 8. Bc2
O-O 9. Nf1 d5 10. Qe2 Re8 11. h3 h6 12. N3h2 dxe4 13. dxe4 Be6 14. Ne3 Na5 15.
O-O c6 16. Re1 Qc7 17. Qf3 Bf8 18. Nf5 Nd7 19. Ng4 Kh7 20. Qg3 h5 21. Qh4 g6
22. Bg5 Nc4 23. Rad1 Nxb2 24. Rxd7 Bxd7 25. Nf6+ Kh8 26. Nxh5 gxh5 27. Qxh5+
Kg8 28. Bf6 Bg7 29. Qg5 1-0

[Event "Russian Championship B17 1st league 2016"]
[Site "Loo"]
[Date "2016.04.27"]
[Round "8.25"]
[White "Kirillov, Konstantin"]
[Black "Revutskiy, Svyatoslav"]
[Result "1-0"]
[WhiteElo "2002"]
[BlackElo "1734"]
[PlyCount "79"]
[EventDate "2016.04.20"]

1. d4 Nf6 2. c4 e6 3. g3 d5 4. Nf3 Bb4+ 5. Bd2 Bxd2+ 6. Nbxd2 O-O 7. Bg2 Nbd7
8. O-O c6 9. Qc2 Re8 10. e4 dxe4 11. Nxe4 e5 12. Nd6 Re6 13. c5 exd4 14. Nxd4
Re5 15. b4 Nd5 16. Rfe1 Qf6 17. Qd2 h5 18. f4 Rxe1+ 19. Rxe1 Ne7 20. Ne8 Qg6
21. Rxe7 Nf6 22. Nxf6+ gxf6 23. Re8+ Kg7 24. Be4 Qg4 25. Qe2 Qh3 26. f5 b6 27.
Bg2 Qg4 28. Qxg4+ hxg4 29. Nxc6 bxc5 30. bxc5 a5 31. Ne7 a4 32. Bxa8 Bd7 33.
Rg8+ Kh6 34. Rxg4 a3 35. Bf3 Kh7 36. c6 Bxf5 37. Nxf5 Kh8 38. Rh4+ Kg8 39. c7
Kf8 40. c8=Q# 1-0

[Event "Russian Championship B17 1st league 2016"]
[Site "Loo"]
[Date "2016.04.27"]
[Round "8.26"]
[White "Chudiniv, Andrey"]
[Black "Sambyla, Subuday"]
[Result "1-0"]
[WhiteElo "1986"]
[BlackElo "1722"]
[PlyCount "99"]
[EventDate "2016.04.20"]

1. d4 d5 2. c4 c6 3. e3 Nf6 4. Bd3 Qc7 5. Nc3 dxc4 6. Bxc4 Bf5 7. Nge2 e6 8. f3
Nbd7 9. e4 Bg6 10. O-O e5 11. Be3 exd4 12. Nxd4 Bc5 13. Qe2 O-O 14. Rfd1 Ne5
15. Bb3 Rad8 16. Rac1 Bh5 17. Na4 Bxd4 18. Bxd4 Rfe8 19. Qf2 b6 20. Nc3 Nfd7
21. Ne2 Nc5 22. Bxc5 Nd3 23. Rxd3 Rxd3 24. Be3 Rd7 25. Nf4 Bg6 26. h4 Qe5 27.
g4 Red8 28. h5 Bxe4 29. fxe4 Qxe4 30. Re1 Qb4 31. Qg3 c5 32. Ne6 Re8 33. Ng5 c4
34. Bc2 h6 35. Bf5 Rde7 36. Ne4 Qxb2 37. Qf2 Qb4 38. Bxh6 Rxe4 39. Bxe4 gxh6
40. Bh7+ Kf8 41. Rxe8+ Kxe8 42. Qe3+ Qe7 43. Qxe7+ Kxe7 44. Kf2 a5 45. a4 f6
46. Ke3 Kd6 47. Kd4 Kc6 48. Kxc4 b5+ 49. axb5+ Kb6 50. Bc2 1-0

[Event "Russian Championship B17 1st league 2016"]
[Site "Loo"]
[Date "2016.04.27"]
[Round "8.27"]
[White "Kavyev, Emil"]
[Black "Rozmanov, Aleksandr"]
[Result "0-1"]
[WhiteElo "1699"]
[BlackElo "1927"]
[PlyCount "84"]
[EventDate "2016.04.20"]

1. e4 e5 2. Nf3 Nc6 3. Bb5 a6 4. Ba4 Nf6 5. O-O b5 6. Bb3 Bc5 7. Re1 d6 8. h3
O-O 9. c3 Bb6 10. d4 h6 11. d5 Ne7 12. Nbd2 Bb7 13. Nf1 Nd7 14. Ng3 f5 15. exf5
Nxf5 16. Nxf5 Rxf5 17. Qd3 Rf8 18. Bc2 Nf6 19. Bxh6 Bxd5 20. Qg6 Qe7 21. Ng5
Kh8 22. Nh7 gxh6 23. Nxf8 Qxf8 24. Red1 Bxf2+ 25. Kh2 Qg7 26. Qxg7+ Kxg7 27.
Rf1 Bb6 28. Rad1 Bc6 29. Rd3 Nh5 30. Rf5 Be8 31. Rf1 Bg6 32. Rd2 Be3 33. Bxg6
Kxg6 34. Rd3 Bf4+ 35. g3 e4 36. Rd4 Bxg3+ 37. Kg2 Re8 38. Rb4 c5 39. Rb3 e3 40.
c4 e2 41. Rxg3+ Nxg3 42. Re1 Nf5 0-1

[Event "Russian Championship B17 1st league 2016"]
[Site "Loo"]
[Date "2016.04.27"]
[Round "8.28"]
[White "Efimenko, Aleksandr"]
[Black "Shevelev, Alexandr"]
[Result "1-0"]
[WhiteElo "1819"]
[BlackElo "1668"]
[PlyCount "73"]
[EventDate "2016.04.20"]

1. e4 c5 2. Nf3 e6 3. d4 cxd4 4. Nxd4 a6 5. g3 Qc7 6. Bg2 Nf6 7. O-O Be7 8. Nc3
O-O 9. Be3 Nc6 10. Nxc6 dxc6 11. f4 b5 12. g4 e5 13. f5 Kh8 14. g5 Nd7 15. Qh5
g6 16. Qh4 Rg8 17. Rf3 Nf8 18. Raf1 Rb8 19. Qh6 Rb7 20. f6 Bb4 21. Bh3 Ba5 22.
Bxc8 Qxc8 23. Rh3 b4 24. Ne2 Qg4+ 25. Ng3 Bb6 26. Bxb6 Rxb6 27. Rh4 Qd7 28. Rf3
Qd4+ 29. Kf1 Qd1+ 30. Kf2 Qd4+ 31. Ke1 b3 32. axb3 Qb4+ 33. Kf1 c5 34. Ne2 Rd6
35. Qxh7+ Nxh7 36. Rxh7+ Kxh7 37. Rh3# 1-0

[Event "Russian Championship B17 1st league 2016"]
[Site "Loo"]
[Date "2016.04.27"]
[Round "8.29"]
[White "Tokmashov, Maxim"]
[Black "Natarov, Ilya"]
[Result "1-0"]
[WhiteElo "2145"]
[BlackElo "1767"]
[PlyCount "71"]
[EventDate "2016.04.20"]

1. b3 d5 2. Bb2 Bf5 3. f4 e6 4. Nf3 Nf6 5. e3 Bd6 6. Be2 h6 7. O-O O-O 8. Ne5
Nbd7 9. d3 c5 10. Nd2 Rc8 11. Nxd7 Nxd7 12. e4 Bh7 13. Qe1 d4 14. Nc4 Be7 15.
a4 b6 16. Qg3 f5 17. e5 Nb8 18. Bc1 Na6 19. Bd2 Nb4 20. Na3 Kh8 21. Qh3 Nd5 22.
Nc4 a6 23. Bf3 Nb4 24. Bxb4 cxb4 25. Bb7 b5 26. axb5 axb5 27. Bxc8 Qxc8 28. Nd6
Qxc2 29. Rac1 Qxb3 30. Qf3 Qa3 31. Qb7 Bh4 32. Rc8 Rxc8 33. Qxc8+ Bg8 34. Qf8
b3 35. Nf7+ Kh7 36. Qxa3 1-0

[Event "Russian Championship B17 1st league 2016"]
[Site "Loo"]
[Date "2016.04.27"]
[Round "8.30"]
[White "Veligjanin, Andrey"]
[Black "Slastikhin, Vladislav"]
[Result "1-0"]
[WhiteElo "1922"]
[BlackElo "1658"]
[PlyCount "107"]
[EventDate "2016.04.20"]

1. e4 e5 2. Nf3 Nc6 3. Bc4 Nf6 4. d3 Be7 5. O-O O-O 6. c3 d6 7. Bb3 Bg4 8. Nbd2
Qd7 9. Re1 d5 10. h3 Bxf3 11. Qxf3 dxe4 12. dxe4 Rad8 13. Bc2 Qe6 14. Nf1 Nd7
15. Ng3 Qf6 16. Nf5 Bc5 17. h4 h6 18. g4 Ne7 19. g5 hxg5 20. Bxg5 Qg6 21. b4
Bd6 22. Kh1 Nxf5 23. exf5 Qh7 24. Bxd8 Rxd8 25. Qh3 Nf6 26. Rad1 Qh6 27. Qg3
Re8 28. Qg5 Qxg5 29. hxg5 Nh5 30. Rd4 Rd8 31. Rxe5 Kf8 32. Ree4 g6 33. Rh4 Kg7
34. fxg6 fxg6 35. Bd1 Rf8 36. Bxh5 gxh5 37. f4 Kg6 38. Kg2 Re8 39. Kf3 Re1 40.
Rh2 Rf1+ 41. Rf2 Rc1 42. Rfd2 Rxc3+ 43. Ke4 Rc1 44. Rxd6+ cxd6 45. Rxd6+ Kg7
46. Kf5 Rc7 47. g6 h4 48. Kg4 h3 49. Kxh3 Rc4 50. Kg4 Rxb4 51. Kg5 Rb2 52. Rd7+
Kg8 53. f5 Rxa2 54. Rd8+ 1-0

[Event "Russian Championship B17 1st league 2016"]
[Site "Loo"]
[Date "2016.04.27"]
[Round "8.31"]
[White "Tsukhaev, Isa"]
[Black "Polozhentsev, Maksim"]
[Result "1-0"]
[WhiteElo "1723"]
[BlackElo "1829"]
[PlyCount "49"]
[EventDate "2016.04.20"]

1. e4 c5 2. Nf3 Nc6 3. d4 cxd4 4. Nxd4 g6 5. Nc3 Bg7 6. Be3 Nf6 7. f3 O-O 8.
Bc4 Qb6 9. Rb1 Nxe4 10. Nd5 Qc5 11. Nxc6 Qxc4 12. Ncxe7+ Kh8 13. fxe4 Qxe4 14.
O-O d6 15. Qd3 Qxd3 16. cxd3 Be6 17. Nc7 Rad8 18. Bxa7 Rd7 19. Ned5 Bf5 20.
Rbd1 Rc8 21. Bb6 Kg8 22. b4 Rdxc7 23. Nxc7 d5 24. a4 d4 25. b5 1-0

[Event "Russian Championship B17 1st league 2016"]
[Site "Loo"]
[Date "2016.04.27"]
[Round "8.32"]
[White "Belov, Aleksey"]
[Black "Tchentsov, Daniil"]
[Result "1/2-1/2"]
[WhiteElo "1612"]
[BlackElo "1802"]
[PlyCount "94"]
[EventDate "2016.04.20"]

1. e4 c5 2. Nf3 e6 3. d4 cxd4 4. Nxd4 Nf6 5. Nc3 Bb4 6. e5 Nd5 7. Bd2 Bxc3 8.
bxc3 Qc7 9. f4 O-O 10. Bd3 a6 11. c4 Nb6 12. Bb4 Nxc4 13. Bxc4 Qxc4 14. Bxf8
Qc3+ 15. Ke2 Kxf8 16. Qd3 Qc5 17. Nb3 Qc6 18. Qd6+ Qxd6 19. exd6 Nc6 20. c4 b6
21. Rab1 b5 22. c5 a5 23. Nd2 Nb4 24. Rb2 Bb7 25. Nf3 Nd5 26. g3 Nc3+ 27. Ke3
Nd5+ 28. Kf2 Nb4 29. Rd2 f6 30. Rc1 Bd5 31. a3 Na6 32. Nd4 b4 33. axb4 Nxb4 34.
Nb5 Bc6 35. Nc7 Ra7 36. Rc3 Na6 37. Nxa6 Rxa6 38. Rb2 a4 39. Ra3 Ra5 40. Rc2
Kf7 41. Ke3 Rb5 42. Kd4 Rb4+ 43. Kc3 Re4 44. Kd3 Rb4 45. Kc3 Re4 46. Rd2 e5 47.
fxe5 fxe5 1/2-1/2

[Event "Russian Championship B17 1st league 2016"]
[Site "Loo"]
[Date "2016.04.27"]
[Round "8.33"]
[White "Gavrik, Aleksandr"]
[Black "Loskutov, Efrem"]
[Result "1/2-1/2"]
[WhiteElo "1736"]
[BlackElo "1673"]
[PlyCount "70"]
[EventDate "2016.04.20"]

1. e4 c5 2. Nf3 Nc6 3. d4 cxd4 4. Nxd4 g6 5. Nc3 Bg7 6. Be3 Nf6 7. h3 d5 8. Bb5
Bd7 9. exd5 Nxd4 10. Bxd7+ Qxd7 11. Bxd4 O-O 12. O-O Rfd8 13. Qf3 Nxd5 14. Bxg7
Kxg7 15. Rad1 e6 16. Nxd5 exd5 17. Rd4 Qb5 18. b3 Rac8 19. c3 Qa5 20. Ra4 Qxc3
21. Qxc3+ Rxc3 22. Rxa7 Rd7 23. Rd1 d4 24. Ra4 d3 25. Rc4 Rxc4 26. bxc4 Rd4 27.
Kf1 Kf6 28. Ke1 Rxc4 29. Rxd3 Ra4 30. Rb3 Rxa2 31. Rxb7 Kg7 32. Rc7 Rb2 33. Rd7
Ra2 34. Rb7 Rc2 35. Rd7 Ra2 1/2-1/2

[Event "Russian Championship B17 1st league 2016"]
[Site "Loo"]
[Date "2016.04.27"]
[Round "8.34"]
[White "Shelushpanov, Nikolai"]
[Black "Kostin, Ilya"]
[Result "1/2-1/2"]
[WhiteElo "1536"]
[BlackElo "1697"]
[PlyCount "66"]
[EventDate "2016.04.20"]

1. e4 e5 2. Nf3 Nc6 3. d4 exd4 4. Nxd4 Nf6 5. Nxc6 bxc6 6. Bd3 d5 7. exd5 cxd5
8. O-O Be7 9. Nc3 O-O 10. Bg5 c6 11. h3 h6 12. Bh4 Rb8 13. Rb1 Rb4 14. Bg3 Bd6
15. a3 Rb8 16. Qf3 Bxg3 17. Qxg3 Be6 18. Rfd1 c5 19. Qf3 Qa5 20. Bf5 Rbd8 21.
Re1 Rfe8 22. Re2 Bxf5 23. Rxe8+ Rxe8 24. Qxf5 d4 25. Nd5 Nxd5 26. Qxd5 Re1+ 27.
Rxe1 Qxe1+ 28. Kh2 Qxf2 29. Qxc5 Qf4+ 30. Kh1 Qf1+ 31. Kh2 Qf4+ 32. Kh1 Qf1+
33. Kh2 Qf4+ 1/2-1/2

[Event "Russian Championship B17 1st league 2016"]
[Site "Loo"]
[Date "2016.04.27"]
[Round "8.35"]
[White "Spiridonov, Vladislav"]
[Black "Vasiliev, Semen B"]
[Result "1-0"]
[WhiteElo "1591"]
[BlackElo "1434"]
[PlyCount "33"]
[EventDate "2016.04.20"]

1. e4 c5 2. Nf3 e6 3. d4 cxd4 4. Nxd4 Nf6 5. Nc3 Bb4 6. e5 Nd5 7. Qg4 g6 8. Bd2
Qc7 9. Nxd5 Bxd2+ 10. Kxd2 exd5 11. Nb5 Qa5+ 12. b4 Qb6 13. Nd6+ Kf8 14. Qf4 f5
15. exf6 Nc6 16. Qh6+ Kg8 17. f7# 1-0

[Event "Russian Championship B17 1st league 2016"]
[Site "Loo"]
[Date "2016.04.27"]
[Round "8.36"]
[White "Novikov, Dmitry"]
[Black "Tsurtsumiya, Ruslan"]
[Result "1/2-1/2"]
[WhiteElo "1493"]
[BlackElo "1549"]
[PlyCount "117"]
[EventDate "2016.04.20"]

1. e4 c5 2. Nf3 d6 3. d4 cxd4 4. Nxd4 Nf6 5. Nc3 a6 6. a4 e6 7. Be2 a5 8. O-O
Nc6 9. Ndb5 Be7 10. Be3 O-O 11. Qd2 d5 12. exd5 exd5 13. Bf3 Be6 14. Rad1 Nb4
15. Ne2 Ne4 16. Qc1 Qc8 17. c3 Nc6 18. Nf4 Ne5 19. Bxe4 dxe4 20. Nxe6 Qxe6 21.
Nc7 Nf3+ 22. Kh1 Qe5 23. Bf4 Qh5 24. gxf3 Qxf3+ 25. Kg1 Bg5 26. Qe3 Qxf4 27.
Qxf4 Bxf4 28. Nxa8 Rxa8 29. Rd4 f5 30. Rfd1 Ra6 31. Rd5 Rg6+ 32. Kf1 Rg5 33.
Rxa5 Bxh2 34. Rb5 h5 35. Rxb7 h4 36. Ke2 Bg1 37. a5 h3 38. a6 h2 39. a7 h1=Q
40. a8=Q+ Kh7 41. Rd8 Qf3+ 42. Kd2 Qxf2+ 43. Kc1 Kg6 44. Rh8 Qe1+ 45. Kc2 Rg2+
46. Kb3 Qd1+ 47. Ka2 Qd5+ 48. Ka3 Bc5+ 49. Ka4 Qa2+ 50. Kb5 Qxb2+ 51. Kxc5
Qxc3+ 52. Kd6 Rd2+ 53. Ke7 Qe5+ 54. Kf8 Qf6+ 55. Ke8 Qc6+ 56. Ke7 Qd6+ 57. Ke8
Qe6+ 58. Kf8 Qf6+ 59. Ke8 1/2-1/2

[Event "Russian Championship B17 1st league 2016"]
[Site "Loo"]
[Date "2016.04.27"]
[Round "8.37"]
[White "Miziuk, Anton"]
[Black "Kulikov, Egor"]
[Result "1-0"]
[WhiteElo "1528"]
[BlackElo "1489"]
[PlyCount "120"]
[EventDate "2016.04.20"]

1. e4 e5 2. Nf3 Nc6 3. Bb5 Nf6 4. O-O Bc5 5. c3 Qe7 6. d4 exd4 7. cxd4 Bb4 8.
a3 Ba5 9. b4 Bb6 10. Nc3 h6 11. e5 Nh7 12. d5 Nd8 13. d6 cxd6 14. Nd5 Qe6 15.
Nxb6 axb6 16. exd6 O-O 17. Re1 Qf6 18. Be3 Nc6 19. Bxb6 Ng5 20. Nxg5 Qxg5 21.
Bd3 Kh8 22. b5 Ne5 23. Be2 Ng6 24. a4 f5 25. Bf3 Nf4 26. a5 Rb8 27. Bc7 Ra8 28.
a6 Ra7 29. b6 Rxa6 30. Rxa6 bxa6 31. b7 Bxb7 32. Bxb7 Nh3+ 33. Kf1 Nf4 34. Qf3
Ne6 35. Rxe6 dxe6 36. g3 Rf7 37. Bxa6 Qc1+ 38. Kg2 Rxc7 39. dxc7 Qxc7 40. Qb7
Qd6 41. Bc4 Kg8 42. Qc8+ Kf7 43. h4 Kf6 44. Qb7 Qc5 45. Qa6 Qe5 46. Qa8 Qd6 47.
Qf3 Qd4 48. Bd3 g6 49. Qe3 Qd5+ 50. Qf3 Qd4 51. Bc2 Qc5 52. Bd3 Qd4 53. Be2 Qd8
54. Qc3+ Kf7 55. h5 g5 56. g4 fxg4 57. Bxg4 Qb8 58. Qd3 Qa8+ 59. Qf3+ Qxf3+ 60.
Kxf3 Kf6 1-0

[Event "Russian Championship B17 2016"]
[Site "Loo"]
[Date "2016.04.27"]
[Round "8.1"]
[White "Sorokin, Aleksey"]
[Black "Sarana, Alexey"]
[Result "1/2-1/2"]
[WhiteElo "2385"]
[BlackElo "2422"]
[PlyCount "29"]
[EventDate "2016.04.20"]

1. d4 Nf6 2. c4 e6 3. Nf3 d5 4. g3 Bb4+ 5. Bd2 Be7 6. Bg2 O-O 7. O-O c6 8. Qc2
b6 9. Rd1 Nbd7 10. Bf4 Bb7 11. Ne5 Nh5 12. Bd2 Nhf6 13. Bf4 Nh5 14. Bd2 Nhf6
15. Bf4 1/2-1/2

[Event "Russian Championship B17 2016"]
[Site "Loo"]
[Date "2016.04.27"]
[Round "8.2"]
[White "Abelguzin, Dinar"]
[Black "Triapishko, Olexandr"]
[Result "1/2-1/2"]
[WhiteElo "2397"]
[BlackElo "2474"]
[PlyCount "150"]
[EventDate "2016.04.20"]

1. e4 e5 2. Nf3 Nc6 3. Bb5 a6 4. Ba4 d6 5. O-O Bd7 6. c3 Nf6 7. Re1 g6 8. d4
Bg7 9. d5 Ne7 10. Bxd7+ Nxd7 11. Be3 O-O 12. c4 h6 13. Nfd2 f5 14. f3 c5 15.
Nc3 f4 16. Bf2 g5 17. a3 Rf6 18. b4 b6 19. bxc5 dxc5 20. a4 a5 21. Nb5 Nc8 22.
Nb1 Bf8 23. d6 Rf7 24. Qd5 Rb8 25. N1c3 h5 26. Rad1 g4 27. Nc7 Qf6 28. Na6 Nxd6
29. Nxb8 Nxb8 30. Nb5 Nxb5 31. axb5 Nd7 32. Kh1 h4 33. Qc6 Qxc6 34. bxc6 Nb8
35. Rb1 g3 36. Bg1 Nxc6 37. Rxb6 Nb4 38. Rd1 Rc7 39. Rb8 Kf7 40. Rb5 a4 41. Ra5
Nc6 42. Rxa4 Rb7 43. Ra6 Rc7 44. h3 Be7 45. Rb6 Na5 46. Rc1 Nc6 47. Rb5 Na7 48.
Rb6 Nc6 49. Rcb1 Nb4 50. Rd1 Bf8 51. Rd8 Be7 52. Rd1 Bf8 53. Rb5 Be7 54. Rb8
Kg7 55. Ra1 Nc6 56. Rb6 Kf7 57. Rd1 Nd4 58. Bxd4 cxd4 59. Rb5 Ke6 60. Rc1 Ba3
61. Rc2 Bc5 62. Ra2 Bd6 63. Ra4 Bc5 64. Raa5 Bd6 65. c5 Kd7 66. Kg1 Be7 67. Kf1
Kc6 68. Ke2 d3+ 69. Kxd3 Rd7+ 70. Ke2 Bd8 71. Rb6+ Bxb6 72. cxb6 Re7 73. Ra6
Rb7 74. Kd3 Rxb6 75. Rxb6+ Kxb6 1/2-1/2

[Event "Russian Championship B17 2016"]
[Site "Loo"]
[Date "2016.04.27"]
[Round "8.3"]
[White "Galaktionov, Artem"]
[Black "Bykov, Oleg"]
[Result "0-1"]
[WhiteElo "2208"]
[BlackElo "2389"]
[PlyCount "108"]
[EventDate "2016.04.20"]

1. d4 Nf6 2. Nf3 e6 3. c4 c5 4. d5 b5 5. Bg5 Qa5+ 6. Nbd2 bxc4 7. Bxf6 gxf6 8.
e4 Be7 9. Bxc4 O-O 10. O-O Na6 11. Bb3 d6 12. Nc4 Qc7 13. Nfd2 Nb4 14. Ne3 Kh8
15. f4 exd5 16. exd5 f5 17. a3 Na6 18. Qc2 Bf6 19. Nf3 Rb8 20. Rab1 Qe7 21.
Rfe1 Qe4 22. Nc4 Qxf4 23. Qd3 Nc7 24. g3 Qg4 25. Nxd6 Ba6 26. Bc4 Rb6 27. Bxa6
Rxd6 28. Bc4 Ne6 29. Ne5 Bxe5 30. Rxe5 Nd4 31. Rf1 Rg8 32. Re7 Rh6 33. Qe3 Qh4
34. Rf2 Rxg3+ 35. Qxg3 Qxe7 36. Kf1 Qe4 37. Bd3 Qxd5 38. Qg2 Qb3 39. Rd2 Rg6
40. Qa8+ Kg7 41. h4 Qa2 42. Kf2 Qa1 43. Bf1 Qc1 44. Rxd4 cxd4 45. Qf3 f4 46. h5
Qd2+ 47. Be2 Qe3+ 48. Qxe3 fxe3+ 49. Kf3 Rf6+ 50. Ke4 Rf2 51. Kd3 f5 52. b4 f4
53. Bg4 Rd2+ 54. Ke4 e2 0-1

[Event "Russian Championship B17 2016"]
[Site "Loo"]
[Date "2016.04.27"]
[Round "8.4"]
[White "Borisovsky, Dmitry"]
[Black "Elistratov, Semen"]
[Result "1/2-1/2"]
[WhiteElo "2281"]
[BlackElo "2329"]
[PlyCount "103"]
[EventDate "2016.04.20"]

1. e4 c5 2. Nf3 d6 3. d4 cxd4 4. Nxd4 Nf6 5. Nc3 a6 6. Be2 e5 7. Nb3 Be7 8. O-O
O-O 9. Re1 Be6 10. Bf3 Nc6 11. Be3 a5 12. a4 Nb4 13. Re2 Ng4 14. Bxg4 Bxg4 15.
f3 Be6 16. Rd2 Rc8 17. Kh1 b6 18. Nc1 Bc4 19. Nd3 Bxd3 20. cxd3 Bg5 21. Bxg5
Qxg5 22. d4 Rc4 23. dxe5 dxe5 24. Rb1 h5 25. h3 Rfc8 26. Rd7 g6 27. Qb3 Qf6 28.
Rbd1 Rd4 29. R1xd4 exd4 30. e5 Qf4 31. Ne2 Qf5 32. e6 d3 33. Nc3 Qxe6 34. Qxe6
fxe6 35. Kg1 Rc5 36. Kf2 Nd5 37. Nxd5 exd5 38. Ke3 Rc2 39. g4 hxg4 40. hxg4
Rxb2 41. Rxd5 Ra2 42. Rxd3 Rxa4 43. Rb3 Rb4 44. Rxb4 axb4 45. f4 Kf7 46. Kd3
Ke6 47. Kc4 b3 48. Kxb3 Kd5 49. f5 gxf5 50. gxf5 Ke5 51. Kb4 Kxf5 52. Kb5
1/2-1/2

[Event "Russian Championship B17 2016"]
[Site "Loo"]
[Date "2016.04.27"]
[Round "8.5"]
[White "Lobanov, Sergei"]
[Black "Smirnov, Timofey"]
[Result "0-1"]
[WhiteElo "2457"]
[BlackElo "2303"]
[PlyCount "76"]
[EventDate "2016.04.20"]

1. e4 e5 2. Nf3 Nc6 3. Bb5 Nf6 4. O-O Nxe4 5. d4 Nd6 6. Ba4 exd4 7. c3 Be7 8.
cxd4 O-O 9. Nc3 Nc4 10. Nd5 Nb6 11. Nxb6 axb6 12. d5 Nb4 13. Bb3 d6 14. Bd2 Na6
15. Qc2 Bd7 16. a3 Nc5 17. Bc4 Bf6 18. Rac1 g6 19. b4 Bf5 20. Qa2 Ne4 21. Bh6
Re8 22. Bb5 Bd7 23. Bxd7 Qxd7 24. Qc4 Re7 25. Rfe1 Rae8 26. Re3 Qf5 27. Rce1 g5
28. h3 Qg6 29. Nh2 Be5 30. Ng4 f5 31. Nxe5 Rxe5 32. f4 Nd2 33. Qc3 Rxe3 34.
Rxe3 Ne4 35. Qxc7 Qxh6 36. fxg5 Qxg5 37. Qxb6 Rc8 38. Rf3 Rc2 0-1

[Event "Russian Championship B17 2016"]
[Site "Loo"]
[Date "2016.04.27"]
[Round "8.6"]
[White "Zaichikov, Andrey"]
[Black "Askerov, Marat"]
[Result "0-1"]
[WhiteElo "2013"]
[BlackElo "2375"]
[PlyCount "67"]
[EventDate "2016.04.20"]

1. e4 e6 2. d3 d5 3. Nd2 c5 4. Ngf3 Nf6 5. g3 g6 6. Bg2 Bg7 7. O-O Nc6 8. Re1
O-O 9. Qe2 b6 10. Nf1 e5 11. Ne3 d4 12. Nc4 Ne8 13. a4 Bb7 14. Ng5 h6 15. Nh3
a6 16. f4 exf4 17. Nxf4 b5 18. axb5 axb5 19. Rxa8 Bxa8 20. Nd2 Nc7 21. Nb3 Qd6
22. Nd5 Nxd5 23. exd5 Ne5 24. Bxh6 Re8 25. Bxg7 Kxg7 26. Kh1 Bxd5 27. Nd2 Bxg2+
28. Kxg2 Re6 29. Rf1 Nc4 30. Ne4 Qc6 31. Kg1 Ne5 32. Ng5 Re7 33. Rf4 Ra7 34.
Rf1 {запись неразбор~~ива} 0-1